Flags of Oceania: Randomized - Statistics

General Stats
  • This quiz has been taken 117 times
  • The average score is 12 of 14
Answer Stats
Picture Answer % Correct
New Zealand
100%
Australia
97%
Fiji
95%
Micronesia
95%
Palau
89%
Kiribati
86%
Papua New Guinea
86%
Samoa
86%
Marshall Islands
84%
Nauru
81%
Tonga
81%
Vanuatu
81%
Solomon Islands
76%
Tuvalu
76%
No matching quizzes found
Score Distribution
Percent of People with Each Score
Percentile by Number Answered
Your Score History
You have not taken this quiz